Процессы окисления и структурирования олигомеров на основе дициклопентадиена; Известия Томского политехнического университета [Известия ТПУ]; Т. 318, № 3 : Химия

Bibliografiska uppgifter
Parent link:Известия Томского политехнического университета [Известия ТПУ]/ Томский политехнический университет (ТПУ).— , 2000-
Т. 318, № 3 : Химия.— 2011.— [С. 101-105]
Huvudupphovsman: Ионова Е. И. Елена Ивановна
Övriga upphovsmän: Ляпков А. А. Алексей Алексеевич, Бондалетов В. Г. Владимир Григорьевич
Sammanfattning:Заглавие с титульного листа
Электронная версия печатной публикации
Показано, что олигомерные пленочные покрытия, полученные из дициклопентадиена или фракций жидких продуктов пиролиза, содержащих дициклопентадиен, на воздухе подвергаются окислению и структурированию. Окисление на воздухе непредельных связей в пленках происходит постепенно в течение нескольких недель и сопровождается ростом полосы поглощения карбонильных и гидроксильных групп в ИК-спектрах олигомеров. Процесс окислительного термического разложения олигомерных продуктов на основе дициклопентадиена сопровождается выделением низкомолекулярных продуктов окисления.
Språk:ryska
Publicerad: 2011
Serie:Химия
Ämnen:
Länkar:http://www.lib.tpu.ru/fulltext/v/Bulletin_TPU/2011/v318/i3/21.pdf
Materialtyp: MixedMaterials Elektronisk Bokavsnitt
KOHA link:https://koha.lib.tpu.ru/cgi-bin/koha/opac-detail.pl?biblionumber=198771

MARC

LEADER 00000nla2a2200000 4500
001 198771
005 20240122132209.0
035 |a (RuTPU)RU\TPU\book\216783 
035 |a RU\TPU\book\216782 
090 |a 198771 
100 |a 20110708d2011 k y0rusy50 ca 
101 0 |a rus 
102 |a RU 
135 |a drnn ---uucaa 
181 0 |a i  
182 0 |a b 
200 1 |a Процессы окисления и структурирования олигомеров на основе дициклопентадиена  |f Е. И. Ионова, А. А. Ляпков, В. Г. Бондалетов 
203 |a Текст  |c электронный 
215 |a 1 файл (682 Кб) 
225 1 |a Химия 
300 |a Заглавие с титульного листа 
300 |a Электронная версия печатной публикации 
320 |a [Библиогр.: с. 105 (8 назв.)] 
330 |a Показано, что олигомерные пленочные покрытия, полученные из дициклопентадиена или фракций жидких продуктов пиролиза, содержащих дициклопентадиен, на воздухе подвергаются окислению и структурированию. Окисление на воздухе непредельных связей в пленках происходит постепенно в течение нескольких недель и сопровождается ростом полосы поглощения карбонильных и гидроксильных групп в ИК-спектрах олигомеров. Процесс окислительного термического разложения олигомерных продуктов на основе дициклопентадиена сопровождается выделением низкомолекулярных продуктов окисления. 
337 |a Adobe Reader 
461 1 |0 (RuTPU)RU\TPU\book\176237  |t Известия Томского политехнического университета [Известия ТПУ]  |f Томский политехнический университет (ТПУ)  |d 2000- 
463 1 |0 (RuTPU)RU\TPU\book\216295  |y 1684-8519  |t Т. 318, № 3 : Химия  |v [С. 101-105]  |d 2011  |p 164 с. 
610 1 |a каталитическая олигомеризация 
610 1 |a дициклопентадиен 
610 1 |a жидкие продукты пиролиза 
610 1 |a фракции 
610 1 |a тетрахлорид титана 
610 1 |a диэтилалюминийхлорид 
610 1 |a оксид пропилена 
610 1 |a окисление 
610 1 |a сшивка 
610 1 |a труды учёных ТПУ 
610 1 |a электронный ресурс 
700 1 |a Ионова  |b Е. И.  |c химик-технолог  |c ассистент Томского политехнического университета  |f 1980-  |g Елена Ивановна  |3 (RuTPU)RU\TPU\pers\25488 
701 1 |a Ляпков  |b А. А.  |c химик-технолог  |c доцент Томского политехнического университета, кандидат химических наук  |f 1958-  |g Алексей Алексеевич  |3 (RuTPU)RU\TPU\pers\25490  |9 11427 
701 1 |a Бондалетов  |b В. Г.  |c химик-технолог  |c профессор Томского политехнического университета, доктор технических наук  |f 1957-  |g Владимир Григорьевич  |3 (RuTPU)RU\TPU\pers\25605  |9 11534 
801 1 |a RU  |b 63413507  |c 20090623  |g PSBO 
801 2 |a RU  |b 63413507  |c 20160614  |g PSBO 
856 4 |u http://www.lib.tpu.ru/fulltext/v/Bulletin_TPU/2011/v318/i3/21.pdf 
942 |c CF